MARC

LEADER 00000nam0a2200000 4500
001 252231
005 20231101232730.0
010 |a 502028582X 
020 |a RU  |b 88-81458 
035 |a (RuTPU)RU\TPU\book\274561 
090 |a 252231 
100 |a 20140228d1988 k y0rusy5003 ca 
101 0 |a rus 
102 |a RU 
105 |a a z 001zy 
200 1 |a Статическая устойчивость электрических систем  |f Е. И. Ушаков  |g Академия наук СССР (АН СССР), Сибирское отделение (СО), Сибирский энергетический институт им. Л. А. Мелентьева (СИЭ) ; под ред. Ю. Н. Руденко 
210 |a Новосибирск  |c Наука  |d 1988 
215 |a 273 с.  |c ил.  |d 22 см 
320 |a Библиогр.: с. 270-271 (48 назв.). 
606 1 |a Электрические системы  |x Устойчивость  |2 stltpush  |3 (RuTPU)RU\TPU\subj\27595  |9 51323 
610 1 |a математическое моделирование 
610 1 |a электрические цепи 
610 1 |a уравнения состояния 
610 1 |a математическое описание 
610 1 |a характеристические уравнения 
610 1 |a синхронные машины 
610 1 |a многомашинные системы 
610 1 |a полные уравнения 
610 1 |a упрощение 
675 |a 621.311.016  |z rus  |v 3 
700 1 |a Ушаков  |b Е. И.  |g Евгений Иванович 
702 1 |a Руденко  |b Ю. Н.  |4 340 
712 0 2 |a Академия наук СССР (АН СССР)  |b Сибирское отделение (СО)  |b Сибирский энергетический институт им. Л. А. Мелентьева (СИЭ)  |c (Иркутск)  |c (1960-1991)  |2 stltpush  |3 (RuTPU)RU\TPU\col\11908 
801 0 |a RU  |b RuMRKP  |c 19950417  |g psbo 
801 1 |a RU  |b 63413507  |c 20140228 
801 2 |a RU  |b 63413507  |c 20140621  |g RCR 
942 |c BK